Online
Catalog

Las siete tragedias de Esquilo / (Record no. 22585)

MARC details
000 -CABECERA
campo de control de longitud fija 00986nam a2200265 a 4500
001 - NÚMERO DE CONTROL
campo de control 000023088
005 - FECHA Y HORA DE LA ÚLTIMA TRANSACCIÓN
campo de control 20200930021959.0
008 - DATOS DE LONGITUD FIJA--INFORMACIÓN GENERAL
campo de control de longitud fija 101126s1946 ag r 000 0 spa d
040 ## - FUENTE DE LA CATALOGACIÓN
Centro catalogador/agencia de origen DO-SdBNP
Lengua de catalogación spa
Centro/agencia transcriptor BNPHU
082 ## - NÚMERO DE LA CLASIFICACIÓN DECIMAL DEWEY
Número de clasificación 884
Número de documento/Ítem E77s
049 ## - FONDOS LOCALES (OCLC)
Fondos de biblioteca BNGR
100 1# - ENTRADA PRINCIPAL--NOMBRE DE PERSONA
Nombre de persona Esquilo, Sófocles,
Fechas asociadas al nombre 525 a. C. - 456 a. C.
9 (RLIN) 47528
245 14 - MENCIÓN DE TÍTULO
Título Las siete tragedias de Esquilo /
Mención de responsabilidad, etc. Sófocles Esquilo ; Traducidas del griego al castellano por José Alemany Bolufer.
260 ## - PUBLICACIÓN, DISTRIBUCIÓN, ETC.
Lugar de publicación, distribución, etc. Buenos Aires :
Nombre del editor, distribuidor, etc. El Ateneo,
Fecha de publicación, distribución, etc. 1946.
300 ## - DESCRIPCIÓN FÍSICA
Extensión 783 p. ;
Dimensiones 20 cm.
490 1# - MENCIÓN DE SERIE
Mención de serie Trágicos Griegos
650 #4 - PUNTO DE ACCESO ADICIONAL DE MATERIA--TÉRMINO DE MATERIA
Término de materia o nombre geográfico como elemento de entrada Esquilo, 525-546 a. de j.c.
9 (RLIN) 47529
650 #4 - PUNTO DE ACCESO ADICIONAL DE MATERIA--TÉRMINO DE MATERIA
Término de materia o nombre geográfico como elemento de entrada Sófocles, 496?-406? a. de j. c.
9 (RLIN) 47530
650 #4 - PUNTO DE ACCESO ADICIONAL DE MATERIA--TÉRMINO DE MATERIA
Término de materia o nombre geográfico como elemento de entrada Poesía tragica griega.
9 (RLIN) 47531
650 #4 - PUNTO DE ACCESO ADICIONAL DE MATERIA--TÉRMINO DE MATERIA
Término de materia o nombre geográfico como elemento de entrada Tragedia griega.
9 (RLIN) 47532
650 #4 - PUNTO DE ACCESO ADICIONAL DE MATERIA--TÉRMINO DE MATERIA
Término de materia o nombre geográfico como elemento de entrada Poesía griega
Subdivisión general Siglo v a. c.
-- Colecciones
9 (RLIN) 47533
650 #4 - PUNTO DE ACCESO ADICIONAL DE MATERIA--TÉRMINO DE MATERIA
Término de materia o nombre geográfico como elemento de entrada Tragedia griega
Subdivisión general Siglo v a de j. c.
-- Colecciones .
9 (RLIN) 47534
700 1# - PUNTO DE ACCESO ADICIONAL--NOMBRE DE PERSONA
Nombre de persona Alemany Bolufer, José,
Término indicativo de función/relación tr.
9 (RLIN) 47535
830 #0 - PUNTO DE ACCESO ADICIONAL DE SERIE-TÍTULO UNIFORME
Título uniforme Trágicos Griegos
9 (RLIN) 47536
Holdings
Estado de retiro Estado de pérdida Restricciones de uso No para préstamo Código de colección Localización permanente Ubicación/localización actual Ubicación en estantería Fecha de adquisición Número de inventario Total de préstamos Signatura topográfica completa Código de barras Fecha visto por última vez Precio válido a partir de Tipo de ítem Koha
    Préstamo interno   Monografías: Libros y Folletos General General En catalogación 26.11.2010 LF1   884 E77s 23088-10 25.06.2020 25.06.2020 Préstamo interno

Powered by Koha